[Event "Wch U20 Rapid"]
[Site "Pula"]
[Date "2023.10.10"]
[Round "2"]
[White "Sabiu, Sebastiano Augusto"]
[Black "May Sanchez, Andres Elias"]
[Result "0-1"]
[WhiteElo "1011"]
[BlackElo "2044"]
[PlyCount "66"]
[EventDate "2023.10.10"]
[EventType "swiss (rapid)"]
[EventRounds "11"]
[EventCountry "ITA"]
[SourceTitle "CBM 216 Extra"]
[Source "ChessBase"]
[SourceDate "2023.11.30"]
[SourceVersion "1"]
[SourceVersionDate "2023.11.30"]
[SourceQuality "1"]

1. d4 Nf6 2. Nf3 c5 3. e3 d5 4. c4 cxd4 5. exd4 e6 6. Nc3 Nc6 7. Bf4 Bd6 8. Bxd6 Qxd6 9. c5 Qd8 10. Bd3 0-0 11. 0-0 b6 12. cxb6 Qxb6 13. Qb3 Nxd4 14. Qxb6 Nxf3+ 15. gxf3 axb6 16. f4 Bb7 17. Rfe1 Rfe8 18. Nb5 Ba6 19. Nc7 Bxd3 20. Nxa8 Rxa8 21. Red1 Be4 22. b4 g6 23. Kf1 Nh5 24. Ke2 Nxf4+ 25. Ke3 e5 26. f3 Ra3+ 27. Kf2 Rxf3+ 28. Ke1 Re3+ 29. Kf2 Re2+ 30. Kg1 Rg2+ 31. Kf1 Bf3 32. Re1 Nh3 33. Re3 Rg1# 0-1